| 000 | 01262cam a2200349 i 4500 | ||
|---|---|---|---|
| 001 | 63780 | ||
| 003 | Mx-PuUPA | ||
| 005 | 20250926134437.0 | ||
| 008 | 151211s2014 mx r 000 0 spa d | ||
| 020 | _a9786074625530 | ||
| 040 |
_cMx-PuUPA _aMx-PuUPA _bspa _dMx-PuUPA _erda |
||
| 041 | 0 | _aspa | |
| 043 | _acl----- | ||
| 100 | 1 |
_aFunes, Patricia _eautor _91345 |
|
| 245 | 1 | 0 |
_aHistoria mínima de las ideas políticas en América Latina / _cPatricia Funes |
| 250 | _aPrimera edición | ||
| 264 | 1 |
_aMéxico, D.F. : _bEl Colegio de México, _c2014 |
|
| 300 |
_a282 páginas ; _c21 cm |
||
| 336 |
_2rdacontent _atexto _btxt |
||
| 337 |
_2rdamedia _asin medio _bn |
||
| 338 |
_2rdacarrier _avolumen _bnc |
||
| 490 | 0 | _aHistoria mínima | |
| 650 | 7 |
_2armarc _aAmérica Latina _xPolítica y Gobierno _xSiglo XIX |
|
| 650 | 7 |
_2armarc _aCiencia política _xAmérica Latina _xHistoria _xSiglo XX |
|
| 651 | 4 |
_aAmérica Latina _xPolítica y Gobierno _ySiglo XIX |
|
| 651 | 4 |
_aAmérica Latina _xPolítica y Gobierno _ySiglo XX |
|
| 942 |
_2ddc _cLI _h320.9809034 _iF57 |
||
| 999 |
_c63780 _d63780 |
||